000 03318cam a2200325 4500500
005 20251228094522.0
041 _afre
042 _adc
100 1 0 _aCourbières, Caroline
_eauthor
245 0 0 _aDans le sillage du mythe : rémanence de la Route 66
260 _c2018.
500 _a87
520 _aCet article vise à manifester la rémanence de la Route 66 comme espace mythique de l’Amérique. Il s’agit ici d’appréhender la Route 66 comme un lieu en soi doué d’ imagibilité. L’étude de sa genèse s’articule dès lors à la saisie de ses moments d’actualisation en tant que voie transcontinentale pour montrer comment se construit son identité et s’élabore sa signification. L’analyse de son cheminement et de son territoire retrace ainsi l’itinéraire qu’elle suit jusqu’à son démembrement et la perte conjointe de son signe et de son usage. L’observation de cette éclipse de la Route permet de considérer sa réhabilitation institutionnelle qui participe à son tour de sa mythification. Au-delà du paysage culturel national qu’elle constitue aujourd’hui, il s’agit in fine de parcourir un bout de la Route 66 pour (perce)voir son genius loci.
520 _aThis article aims at showing the afterglow of Route 66 as a mythical space of America. The Route 66 is considered as a place endowed with imagibility. The study of its genesis and its moments of actualization as transcontinental highway proposes to demonstrate the construction of its identity and the elaboration of its meaning. By analyzing its use as a path and as a territory, the Route is traced until its decertification and the joint loss of its sign and its use. This eclipse of the Route is documented in order to consider the process of institutional rehabilitation that contributes to its mythification. Beyond its current national cultural landscape existence, one stretch of Route 66 is traveled to finally try to experience its genius loci.
520 _aEste artículo busca ilustrar la remanencia de la Route 66 como espacio mitológico estadounidense. Se trata de aprehender dicha ruta como un lugar dotado de “imagibilidad”. El estudio de su génesis se articula al rastreo de sus momentos de actualización en calidad de vía transcontinental para mostrar cómo se construye su identidad y se elabora su significación. El análisis de su recorrido y de su territorio traza el itinerario que sigue la ruta hasta su desmembramiento y la pérdida de sus usos y señales. La observación de dicho eclipse de la Route 66 permite considerar la rehabilitación institucional que contribuye a su mitificación. Más allá del paisaje cultural nacional que constituye hoy en día, se trata de recorrer un tramo de la Route 66 para exponerse a su genius loci.
690 _agenius loci
690 _aheritage
690 _alandscape
690 _amythology
690 _aroute 66
690 _aWest
690 _agenius loci
690 _amitología
690 _aOeste americano
690 _apaisaje
690 _apatrimonio
690 _aRoute 66
786 0 _nCommunication & langages | 195 | 1 | 2018-01-19 | p. 59-76 | 0336-1500
856 4 1 _uhttps://shs.cairn.info/revue-communication-et-langages-2018-1-page-59?lang=fr&redirect-ssocas=7080
999 _c1604821
_d1604821